|
|
|
|
| LEADER |
01130nam a2200265 a 4500 |
| 001 |
GR-MES9652 |
| 008 |
060119s nyu b 001 0 gre d |
| 020 |
|
|
|a 0471152250
|
| 040 |
|
|
|a GrPaTEI
|b gre
|c GR-PaULI
|
| 040 |
|
|
|a GrPaTEI
|b gre
|c GR-PaULI
|
| 100 |
1 |
|
|a Cutter, Susan L.
|
| 245 |
1 |
0 |
|a Exploitation conservation preservation :
|b A geographic perspective an natural resource use /
|c Susan L. Cutter , William H. Renwick.
|
| 250 |
|
|
|a 4nd ed.
|
| 260 |
|
|
|a New York :
|b Wiley,
|c c2004
|
| 300 |
|
|
|a x , 390σ. :
|b εικ. χάρτες ;
|c 25εκ.
|
| 504 |
|
|
|a Περιλαμβάνει βιβλιογραφίες και ευρετήριο.
|
| 650 |
|
0 |
|a Conservation of natural resources
|
| 650 |
|
0 |
|a Environmental policy
|
| 650 |
|
0 |
|a Natural resources
|
| 650 |
|
4 |
|a Περιβαλλοντική πολιτική
|
| 700 |
1 |
|
|a Renwick, William H.
|
| 942 |
|
|
|2 ddc
|
| 952 |
|
|
|0 0
|1 0
|2 ddc
|4 0
|6 333_720000000000000_CUT
|7 0
|9 279994
|a MSLG
|b MSLG
|c BSC
|d 2021-01-17
|e 24
|f 0
|g 0.00
|l 0
|o 333.72 CUT
|p 2420000019589
|r 2021-01-17 00:00:00
|t 1
|w 2021-01-17
|y BK15
|x 20060119 0 1
|x GrPaTEI
|
| 971 |
|
|
|a .b25881231
|b 15-04-20
|c 14-09-16
|
| 999 |
|
|
|c 163185
|d 163185
|